000 00287nam a22001337a 4500
008 170418b xxu||||| |||| 00| 0 eng d
020 _a9780471387299
041 _aeng
080 _25 ED
_a579
100 _a11
101 _aSHM
245 _aMICROBIOLOGY
_cBLACK.J.G
942 _2udc
_cBK
999 _c11042
_d11042